Представление документа в формате RUSMARC

ПолеНазваниеЗначение
  Тип записи a
  Библиографический уровень m
001 Контрольный номер 4ced3cc5e3c54e5a8341d00cfe4a0138
005 Дата корректировки 20260618110629.5
010 Индекс ISBN __
b Уточнения В пер.
100 Данные общей обработки __
a Данные общей обработки 20260604d2026 d y0rusy028902 ca
101 Язык документа 0_
a Язык текста rus
102 Страна публикации __
a Страна публикации RU
105 Кодированные данные (монография) __
a Кодированные данные (монография) y z 000ay
181 Поле кодированных данных: вид содержания _0
a Код вида содержания (ISBD) i
182 Поле кодированных данных: тип средства _0
a Код типа средства (ISBD) n
200 Заглавие и сведения об ответственности 1_
a Заглавие Дверь в стене
f Первые сведения об ответственности Герберт Уэллс
e Сведения, относящиеся к заглавию издание для слабовидящих
203 Вид содержания и тип средства __
a Вид содержания Текст
c Тип средства непосредственный
210 Выходные данные 1_
a Место издания Москва
c Издательство Чинар
d Дата издания 2026
215 Физическое описание __
a Объем 45 с.
d Формат 21 см
225 Серия 2_
a Серия Круг чтения
e Сведения, относящиеся к заглавию серии издание для слабовидящих
300 Общие примечания __
a Общие примечания Текст печатается по изданию: Уэллс Г., Дверь в стене. - Москва : АСТ, 2014. - ISBN 978-517-084696-2
330 Аннотация __
a Аннотация "Дверь в стене" (1906) - философский рассказ Герберта Уэллса о выборе между карьерой и мечтой. Успешный политик Лионель Уоллес вспоминает, как в детстве нашел таинственную зеленую дверь, ведущую в волшебный сад. Этот сад символизирует искренность, красоту и истинные ценности, но герой выбирает реальный мир, а позже гибнет, пытаясь вернуться к мечте.
333 Примечание о целевом назначении __
a Примечание о целевом назначении 16+. Для детей старше 16 лет
606 Тематические рубрики __
2 Код системы nlr_sh
a Основная рубрика Художественная литература
606 Тематические рубрики __
2 Код системы nlr_sh
a Основная рубрика Литература Европы (произведения)
y Географическая подрубрика Великобритания
610 Ключевые слова 0_
a Ключевые слова зарубежная литература
610 Ключевые слова 0_
a Ключевые слова фантастическая литература
610 Ключевые слова 0_
a Ключевые слова зарубежная фантастика
610 Ключевые слова 0_
a Ключевые слова английская литература
610 Ключевые слова 0_
a Ключевые слова фантастика
610 Ключевые слова 0_
a Ключевые слова тема приключений
610 Ключевые слова 0_
a Ключевые слова дети
610 Ключевые слова 0_
a Ключевые слова книги для незрячих
610 Ключевые слова 0_
a Ключевые слова чтение для слабовидящих
686 Индексы других классификаций __
2 Код системы rubbks
a Классификационный индекс 84(4Вел)6-445я07; ст84(4Вел)-445я0
700 Автор _1
a Фамилия Уэллс
b Имя Г. Д.
f Даты 1866-1946
g Полное личное имя Герберт Джордж
4 Код отношения 070
801 Источник записи _0
a Страна RU
b Организация Муниципальное бюджетное учреждение культуры "Централизованная библиотечная система" г. Сургут (Центральная городская библиотека им. А. С. Пушкина)
c Дата составления 20260604
g Правила каталогизации PSBO
801 Источник записи _1
a Страна RU
b Организация Муниципальное бюджетное учреждение культуры "Централизованная библиотечная система" г. Сургут (Центральная городская библиотека им. А. С. Пушкина)
c Дата составления 20260604
g Правила каталогизации PSBO
852 Данные о местонахождении __
i Авторский знак У 98
j Шифр хранения 84(4Вел)6-445я07
901 Тип документа __
a Ответственный ООФиК/Губина
t Тип документа m
901 Тип документа __
a Ответственный без партии
903 Характеристики (МАРС) __
a Дата передачи 20260604
c Наименование библиотеки (МАРС) Муниципальное бюджетное учреждение культуры "Централизованная библиотечная система" г. Сургут (Центральная городская библиотека им. А. С. Пушкина)
969 Тип издания __
a Тип издания спецформат
a Тип издания спецформат-крупношрифтовое
a Тип издания брошюра
a Тип издания издание для слепых
a Тип издания крупношрифтовое издание
a Тип издания Ф 26